Bibliografía económica dominicana 2001-2002 / (Registro nro. 13531)

Detalles MARC
000 -LEADER
fixed length control field 01009nam a2200265 a 4500
001 - CONTROL NUMBER
control field
003 - CONTROL NUMBER IDENTIFIER
control field DO-SdBNP
005 - DATE AND TIME OF LATEST TRANSACTION
control field 20221122075719.0
008 - FIXED-LENGTH DATA ELEMENTS--GENERAL INFORMATION
fixed length control field 101007s2004 dr r 001 0 spa d
020 ## - INTERNATIONAL STANDARD BOOK NUMBER
International Standard Book Number 9993430676
040 ## - CATALOGING SOURCE
Original cataloging agency BPMSU
Language of cataloging spa
Transcribing agency BPMSU
082 ## - DEWEY DECIMAL CLASSIFICATION NUMBER
Classification number R016.337293
Item number B582e, 2004
Edition number 22
245 00 - TITLE STATEMENT
Title Bibliografía económica dominicana 2001-2002 /
Statement of responsibility, etc. presentación Héctor Valdez Albizu.
260 ## - PUBLICATION, DISTRIBUTION, ETC. (IMPRINT)
Place of publication, distribution, etc. Santo Domingo :
Name of publisher, distributor, etc. Banco Central de la República Dominicana,
Date of publication, distribution, etc. 2004.
300 ## - PHYSICAL DESCRIPTION
Extent xvi, 259 p. ;
Dimensions 23 cm.
490 0# - SERIES STATEMENT
Series statement Banco Central de la República Dominicana
-- Bibliografía
Volume/sequential designation 70
500 ## - GENERAL NOTE
General note Incluye índice de autores
590 ## - LOCAL NOTE (RLIN)
Local note Inventariado, 2021/VM
651 #4 - SUBJECT ADDED ENTRY--GEOGRAPHIC NAME
Geographic name República Dominicana
General subdivision Condiciones Económicas
Chronological subdivision 2001-2002
Form subdivision Bibliografías
651 #4 - SUBJECT ADDED ENTRY--GEOGRAPHIC NAME
Geographic name República Dominicana
General subdivision Política Económica
Chronological subdivision 2001-2002
Form subdivision Bibliografías
700 #2 - ADDED ENTRY--PERSONAL NAME
Personal name Valdez Albizu, Héctor,
Dates associated with a name 1947-
Relator term presentación
710 2# - ADDED ENTRY--CORPORATE NAME
Corporate name or jurisdiction name as entry element Banco Central de la República Dominicana
910 ## - USER-OPTION DATA (OCLC)
User-option data VMateo
942 ## - ADDED ENTRY ELEMENTS (KOHA)
Source of classification or shelving scheme Dewey Decimal Classification
Koha item type Libros
Existencias
Withdrawn status Lost status Source of classification or shelving scheme Damaged status Not for loan Collection code Home library Current library Date acquired Full call number Barcode Date last seen Price effective from Koha item type
    Dewey Decimal Classification     Colección de Referencia Dominicana Biblioteca Pública Metropolitana Salomé Ureña Biblioteca Pública Metropolitana Salomé Ureña 05/25/2021 BPMSU CDR R016.3397293 B582e 2004 BPMSU21050167 05/25/2021 05/25/2021 Libros